000
00295nam a22001097a 4500
040
_c
FIZZA ISHAQ
082
_a
510.2462
_b
ERI
100
_a
GIZSYERK, ERIN.
_9
86182
245
_a
ADVANCED ENGINEERING MATHEMATICS /
_c
ERIN GIZSYERK.
260
_a
LONDON :
_b
JHON WILEY SON,
_c
2011.
942
_2
ddc
_c
BK
999
_c
587253
_d
587253